A history of the Jainas / (Record no. 124689)

MARC details
000 -LEADER
fixed length control field 00771nam a22002537a 4500
003 - CONTROL NUMBER IDENTIFIER
control field dpl
005 - DATE AND TIME OF LATEST TRANSACTION
control field 20170124105943.0
008 - FIXED-LENGTH DATA ELEMENTS--GENERAL INFORMATION
fixed length control field 161216b xxu||||| |||| 00| 0 eng d
010 ## - LIBRARY OF CONGRESS CONTROL NUMBER
LC control number A-169290
020 ## - INTERNATIONAL STANDARD BOOK NUMBER
Terms of availability 00.00
035 ## - SYSTEM CONTROL NUMBER
System control number A-169290
037 ## - SOURCE OF ACQUISITION
Source of stock number/acquisition Cen Lib/Ret
040 ## - CATALOGING SOURCE
Original cataloging agency DPL
Language of cataloging EN
Transcribing agency tit
082 ## - DEWEY DECIMAL CLASSIFICATION NUMBER
Classification number 240.7
Item number ROY
100 ## - MAIN ENTRY--PERSONAL NAME
Personal name Roy, Ashim Kumar
9 (RLIN) 11617
245 ## - TITLE STATEMENT
Title A history of the Jainas /
Statement of responsibility, etc by Ashim Kumar Roy
260 ## - PUBLICATION, DISTRIBUTION, ETC. (IMPRINT)
Place of publication, distribution, etc New Delhi
Name of publisher, distributor, etc Gitanjali Publishing House
Date of publication, distribution, etc 1994
270 ## - ADDRESS
Address 2/12 Vikram Vihar, Lajpat Nagar- IV
City New Delhi
Postal code 110024
300 ## - PHYSICAL DESCRIPTION
Extent 179p.
Dimensions 22cm(Hb)
500 ## - GENERAL NOTE
General note Includes bibliographical references and index
650 ## - SUBJECT ADDED ENTRY--TOPICAL TERM
Topical term or geographic name as entry element Jainism -- History
9 (RLIN) 11618
650 ## - SUBJECT ADDED ENTRY--TOPICAL TERM
Topical term or geographic name as entry element Jainism
9 (RLIN) 72411
942 ## - ADDED ENTRY ELEMENTS (KOHA)
Source of classification or shelving scheme Dewey Decimal Classification
Koha item type English Books
Classification part 240.7
Call number suffix ROY
Holdings
Withdrawn status Lost status Source of classification or shelving scheme Damaged status Not for loan Home library Current library Date acquired Source of acquisition Cost, normal purchase price Total Checkouts Total Renewals Full call number Barcode Date last seen Date checked out Copy number Cost, replacement price Price effective from Koha item type
    Dewey Decimal Classification     Central Library Central Library 18/06/2015 Cen Lib/Ret 0.00 12 5 240.7 ROY A-169290 27/04/2024 09/03/2024 1 0.00 18/06/2015 English Books

© Delhi Public Library
Hit Counter
free hit counter